[Event "Rated Blitz game"]
[Site "?"]
[Date "2021.01.07"]
[Round "?"]
[White "MonsieurPatate"]
[Black "FakeBruceLee"]
[Result "0-1"]
[WhiteElo "2339"]
[BlackElo "2521"]
[PlyCount "30"]
[EventDate "2021.??.??"]
[EventType "blitz"]

1. e4 e5 2. Nf3 d5 3. exd5 e4 4. Qe2 Nf6 5. d3 Qe7 6. dxe4 Nxe4 7. Nc3 Bf5 8.
Nxe4 Bxe4 9. Bf4 Na6 10. O-O-O O-O-O 11. Ne5 Bxd5 12. Rxd5 Rxd5 13. Qxa6 Qb4
14. Qe2 Qxf4+ 15. Kb1 Rxe5 {Normal} 0-1

[Event "Rated Blitz tournament 8fOQwmAL"]
[Site "?"]
[Date "2021.01.07"]
[Round "?"]
[White "Gladiator1935"]
[Black "DARIO31CSKA"]
[Result "1-0"]
[WhiteElo "2443"]
[BlackElo "2410"]
[PlyCount "97"]
[EventDate "2021.??.??"]
[EventType "blitz"]

1. e4 e5 2. Nf3 d5 3. d4 dxe4 4. Nxe5 Bd6 5. f4 Bxe5 6. fxe5 Nh6 7. Bc4 Nf5 8.
O-O O-O 9. c3 c5 10. d5 Re8 11. Bf4 Na6 12. Nd2 Nc7 13. Nxe4 b5 14. Bb3 c4 15.
Bc2 Nxd5 16. Qf3 Nxf4 17. Qxf4 Qh4 18. Qf3 Be6 19. Rad1 Rad8 20. Nc5 Rxd1 21.
Rxd1 Qg5 22. Nxe6 fxe6 23. Bxf5 exf5 24. Qd5+ Kf8 25. Qxb5 Qe3+ 26. Kh1 Qxe5
27. Qb4+ Kf7 28. Qxc4+ Kg6 29. h3 h6 30. Rd5 Qe1+ 31. Kh2 Qe4 32. Rd6+ Kg5 33.
Qf1 Qe5+ 34. Kh1 Qxd6 35. h4+ Kg6 36. h5+ Kxh5 37. Qxf5+ g5 38. Qf7+ Kh4 39.
Qxe8 Qd1+ 40. Kh2 Qd6+ 41. Kh1 Qd1+ 42. Kh2 g4 43. Qe7+ Kh5 44. Qf7+ Kg5 45.
Qe7+ Kh5 46. Qf7+ Kg5 47. Qg7+ Kh5 48. Qe5+ Kh4 49. Qg3+ {Time forfeit} 1-0

[Event "Rated Rapid game"]
[Site "?"]
[Date "2021.01.07"]
[Round "?"]
[White "Nima_Najafi"]
[Black "vitalirapidbel"]
[Result "1-0"]
[WhiteElo "2335"]
[BlackElo "2469"]
[PlyCount "115"]
[EventDate "2021.??.??"]
[EventType "rapid"]

1. e4 e5 2. Nf3 d5 3. Nxe5 dxe4 4. d4 Nd7 5. Nc4 Ngf6 6. Bg5 Be7 7. Be2 O-O 8.
O-O Nb6 9. c3 h6 10. Bh4 Be6 11. Nbd2 Nfd5 12. Bxe7 Qxe7 13. Nxb6 axb6 14. Nxe4
Nf4 15. Bf3 Bc4 16. Re1 Nd3 17. Re2 Nf4 18. Re3 Qd7 19. b3 Bd5 20. c4 Be6 21.
d5 Bf5 22. Qd2 Rfd8 23. Rd1 Bxe4 24. Rxe4 g5 25. Rde1 Re8 26. g3 Ng6 27. Qd4
Rxe4 28. Rxe4 Rxa2 29. Bg4 Qd8 30. Qe3 Ra8 31. Bf5 Qf6 32. Bxg6 Qxg6 33. Kg2
Kf8 34. Re7 Rc8 35. Qe5 Qg7 36. Qe4 Qf6 37. Re5 Ra8 38. Rf5 Qg6 39. Qe5 Kg8 40.
Rf6 Qg7 41. Qe7 Ra2 42. Qe8+ Qf8 43. Qd7 Kg7 44. Rf3 Kg6 45. Qxc7 f5 46. Qxb6+
Kh5 47. Qxb7 Qf6 48. Qd7 g4 49. Qe8+ Kg5 50. Qe3+ Kg6 51. Rf4 Ra1 52. Qe6 Qxe6
53. dxe6 Kf6 54. e7 Re1 55. Rd4 Rxe7 56. Rd6+ Kg5 57. c5 f4 58. gxf4+ {Time
forfeit} 1-0

[Event "Rated Blitz game"]
[Site "?"]
[Date "2021.01.07"]
[Round "?"]
[White "Shamsutdin"]
[Black "Jomajo"]
[Result "0-1"]
[WhiteElo "2495"]
[BlackElo "2589"]
[PlyCount "74"]
[EventDate "2021.??.??"]
[EventType "blitz"]

1. e4 e5 2. Nf3 d5 3. Nc3 d4 4. Nb1 Bd6 5. c3 c5 6. cxd4 cxd4 7. Bc4 Bg4 8. h3
Bh5 9. g4 Bg6 10. d3 h5 11. g5 h4 12. Qb3 Qd7 13. Nbd2 Nc6 14. Bb5 Nge7 15. Nc4
Qc7 16. Bd2 Bh5 17. Nxd6+ Qxd6 18. Bb4 Qc7 19. Bxe7 Bxf3 20. Ba3 Bxh1 21. Ke2
Bg2 22. g6 Bxh3 23. Rc1 Be6 24. Qa4 Rc8 25. gxf7+ Kxf7 26. f4 exf4 27. Bxc6
bxc6 28. Qxd4 Rcd8 29. Qc5 f3+ 30. Kxf3 Qg3+ 31. Ke2 Qg2+ 32. Ke1 Rd7 33. Rc2
Qh1+ 34. Kd2 Qxe4 35. Rc3 Qf4+ 36. Kc2 h3 37. d4 h2 {Normal} 0-1

[Event "Rated Blitz game"]
[Site "?"]
[Date "2021.01.07"]
[Round "?"]
[White "Creep30"]
[Black "Jomajo"]
[Result "1-0"]
[WhiteElo "2755"]
[BlackElo "2613"]
[PlyCount "79"]
[EventDate "2021.??.??"]
[EventType "blitz"]

1. e4 e5 2. Nf3 d5 3. d4 dxe4 4. Nxe5 Bd6 5. Bf4 Nf6 6. Bc4 O-O 7. Nc3 Nc6 8.
O-O Bf5 9. Re1 Qe7 10. Bg5 Bxe5 11. Nd5 Qd6 12. dxe5 Nxe5 13. Bxf6 gxf6 14. Bb3
Ng4 15. h3 Qh2+ 16. Kf1 Ne5 17. Ne7+ Kh8 18. Nxf5 Qh1+ 19. Ke2 Qxg2 20. Nd4
Rad8 21. Rg1 Qxh3 22. Rg3 Qh4 23. Qh1 Qxh1 24. Rxh1 Rxd4 25. Rgh3 Rfd8 26.
Rxh7+ Kg8 27. c3 Rd2+ 28. Ke3 R2d3+ 29. Kxe4 Ng6 30. Bxf7+ Kf8 31. Bxg6 R3d7
32. Rxd7 Rxd7 33. Kf5 Rd5+ 34. Kxf6 Rd6+ 35. Kg5 Ke7 36. f4 Ke6 37. f5+ Ke5 38.
Re1+ Kd5 39. Rd1+ Kc5 40. Rxd6 {Normal} 1-0

[Event "Rated Blitz game"]
[Site "?"]
[Date "2021.01.07"]
[Round "?"]
[White "retrostail"]
[Black "vitalirapidbel"]
[Result "1-0"]
[WhiteElo "2443"]
[BlackElo "2330"]
[PlyCount "47"]
[EventDate "2021.??.??"]
[EventType "blitz"]

1. e4 e5 2. Nf3 d5 3. Nxe5 dxe4 4. d4 Nd7 5. Nxd7 Bxd7 6. Bc4 Nf6 7. O-O Bd6 8.
Nc3 O-O 9. Qe2 Re8 10. Bg5 h6 11. Bh4 g5 12. Bg3 Bxg3 13. hxg3 c6 14. Rad1 b5
15. Bb3 a5 16. a3 b4 17. Na4 Nd5 18. Nc5 bxa3 19. bxa3 Nc3 20. Qh5 Re7 21. Rde1
Kg7 22. f4 g4 23. f5 f6 24. Qg6+ {Normal} 1-0

[Event "Rated Blitz game"]
[Site "?"]
[Date "2021.01.07"]
[Round "?"]
[White "Shamsutdin"]
[Black "Jomajo"]
[Result "0-1"]
[WhiteElo "2491"]
[BlackElo "2591"]
[PlyCount "72"]
[EventDate "2021.??.??"]
[EventType "blitz"]

1. e4 e5 2. Nf3 d5 3. Nxe5 Bd6 4. d4 dxe4 5. Nc4 Nf6 6. Nxd6+ Qxd6 7. Be2 O-O
8. Be3 Nd5 9. O-O f5 10. g3 f4 11. gxf4 Nxf4 12. Kh1 Nc6 13. Nc3 Bf5 14. Rg1
Nxe2 15. Nxe2 Bg6 16. Nf4 Rxf4 17. Bxf4 Qxf4 18. Qg4 Qxg4 19. Rxg4 Nxd4 20. c3
Ne6 21. Rd1 Rd8 22. Rxd8+ Nxd8 23. Rg5 Kf7 24. Rd5 Ke7 25. Rd1 Ne6 26. Kg1 Nf4
27. Kf1 Bh5 28. Rd4 Bf3 29. Ra4 a6 30. Rb4 b6 31. a4 a5 32. Rd4 Ne6 33. Rc4 c5
34. b4 Kd6 35. bxc5+ bxc5 36. Ke1 Kd5 {Normal} 0-1

[Event "Rated Blitz game"]
[Site "?"]
[Date "2021.01.07"]
[Round "?"]
[White "vasiljev_alex2020"]
[Black "vitalirapidbel"]
[Result "1-0"]
[WhiteElo "2377"]
[BlackElo "2400"]
[PlyCount "163"]
[EventDate "2021.??.??"]
[EventType "blitz"]

1. e4 e5 2. Nf3 d5 3. Nxe5 dxe4 4. d4 Nd7 5. Nxd7 Bxd7 6. Bc4 Nf6 7. O-O Bd6 8.
h3 O-O 9. Re1 h6 10. Nc3 Re8 11. Nd5 Nxd5 12. Bxd5 c6 13. Bxe4 Qe7 14. Bd2 Qh4
15. Qf3 Re6 16. Bf5 Rf6 17. Qg4 Qxg4 18. Bxg4 Bxg4 19. hxg4 Rd8 20. Re4 Re6 21.
Rae1 Rxe4 22. Rxe4 Kf8 23. Kf1 Be7 24. Be3 b5 25. Ke2 a5 26. c3 a4 27. a3 Rd5
28. Bf4 Bf6 29. Be5 Be7 30. f4 f6 31. Bc7 Rd7 32. Bb6 Kf7 33. f5 Bd6 34. Re6
Re7 35. Rxe7+ Bxe7 36. Kf3 Bd6 37. Ba5 Ke8 38. Bb4 Bc7 39. Ke4 Bb6 40. Bd6 Kf7
41. d5 c5 42. Bf4 Ke8 43. d6 Kd7 44. Kd5 c4 45. Bg3 Be3 46. Be1 Bc1 47. Kc5
Bxb2 48. Kxb5 Bxa3 49. Kxa4 Bxd6 50. Kb5 Be5 51. Kxc4 Kc6 52. Kd3 Kd5 53. Bf2
Bc7 54. Bd4 Bd6 55. c4+ Kc6 56. Ke4 Bf8 57. Be3 Be7 58. Kd3 Bf8 59. Kc3 Bd6 60.
Kb3 Be5 61. Ka4 Bd6 62. Ka5 Be5 63. Ka4 Bd6 64. Bd2 Be5 65. Bb4 Bd4 66. Bf8 Be5
67. Kb4 Bd6+ 68. Bxd6 Kxd6 69. Kb5 Ke5 70. c5 Kf4 71. c6 Kxg4 72. c7 Kxf5 73.
c8=Q+ Kg5 74. Qg8 g6 75. Qf7 f5 76. Kc4 h5 77. Kd3 Kh6 78. Ke2 Kg5 79. Kf3 h4
80. Qe7+ Kh5 81. Kf4 g5+ 82. Qxg5# {Normal} 1-0

[Event "Rated Blitz tournament 8fOQwmAL"]
[Site "?"]
[Date "2021.01.07"]
[Round "?"]
[White "Trakhtur20"]
[Black "DARIO31CSKA"]
[Result "0-1"]
[WhiteElo "2523"]
[BlackElo "2417"]
[PlyCount "50"]
[EventDate "2021.??.??"]
[EventType "blitz"]

1. e4 e5 2. Nf3 d5 3. Bc4 dxc4 4. Nxe5 Nc6 5. Nxc4 Bc5 6. d3 Nge7 7. h3 O-O 8.
Nc3 f5 9. O-O f4 10. Nd2 f3 11. Nxf3 Ng6 12. Be3 Nd4 13. Nxd4 Bxd4 14. Qd2 Bxh3
15. gxh3 Rf3 16. Nd5 Bxb2 17. Rab1 Be5 18. d4 Qh4 19. dxe5 Raf8 20. Rfe1 c6 21.
Qe2 Rxh3 22. f4 cxd5 23. Qg2 Rxe3 24. Re2 Rg3 25. exd5 Nxf4 {Normal} 0-1

[Event "Rated Blitz game"]
[Site "?"]
[Date "2021.01.07"]
[Round "?"]
[White "Pirat52"]
[Black "drdumbo"]
[Result "0-1"]
[WhiteElo "2526"]
[BlackElo "2486"]
[PlyCount "128"]
[EventDate "2021.??.??"]
[EventType "blitz"]

1. e4 e5 2. Nf3 d5 3. Nxe5 Bd6 4. d4 dxe4 5. Nc4 Nf6 6. Be2 Nc6 7. Nxd6+ Qxd6
8. c3 O-O 9. Na3 Nd5 10. Nc4 Qg6 11. g3 Bh3 12. Ne3 Nxe3 13. Bxe3 Ne7 14. Qd2
Bg2 15. Rg1 Bf3 16. Bxf3 exf3 17. O-O-O Rad8 18. Qc2 Qa6 19. Kb1 b5 20. Bg5 f6
21. Bf4 Nd5 22. Qd3 Rfe8 23. Rge1 Qa4 24. Qxf3 b4 25. Rxe8+ Qxe8 26. cxb4 Qg6+
27. Ka1 Qc2 28. Rc1 Qa4 29. Bxc7 Nxb4 30. Qb3+ Qxb3 31. axb3 Rxd4 32. Ba5 Nd3
33. Rc8+ Kf7 34. Bc3 Rd7 35. f4 h5 36. f5 Nc1 37. b4 Ne2 38. b5 Rd5 39. Bb4
Rxf5 40. Rc5 Rf1+ 41. Ka2 Nc1+ 42. Ka3 Nd3 43. Rc7+ Kg6 44. Bc3 Rf5 45. Ka4 Rf2
46. Kb3 Rxh2 47. Rxa7 Rg2 48. Kc4 Nxb2+ 49. Bxb2 Rxb2 50. Kc5 Rb3 51. b6 Rxg3
52. Ra5 Rc3+ 53. Kd6 Rb3 54. Kc6 h4 55. Rb5 Rc3+ 56. Kd7 Rd3+ 57. Ke7 Re3+ 58.
Kf8 Rd3 59. Ke7 Re3+ 60. Kf8 h3 61. b7 h2 62. b8=Q h1=Q 63. Rg5+ Kxg5 64. Qb5+
f5 {Normal} 0-1

[Event "Rated Blitz game"]
[Site "?"]
[Date "2021.01.07"]
[Round "?"]
[White "Schach_du_Nase"]
[Black "Arrubarena"]
[Result "1-0"]
[WhiteElo "2446"]
[BlackElo "2487"]
[PlyCount "73"]
[EventDate "2021.??.??"]
[EventType "blitz"]

1. e4 e5 2. Nf3 d5 3. d4 dxe4 4. Nxe5 Bd6 5. Nc4 Nf6 6. Bg5 h6 7. Bh4 O-O 8.
Be2 Bf5 9. O-O Nc6 10. Ne3 Nxd4 11. Nc3 Bg6 12. Bc4 c6 13. Ng4 Be7 14. Ne5 Bh7
15. Re1 Qd6 16. Bg3 Qc5 17. a3 Rad8 18. b4 Qb6 19. Qc1 e3 20. Rxe3 Nxc2 21.
Nxf7 Nxe3 22. Nxd8+ Nxc4 23. Ne6 Re8 24. Na4 Qb5 25. Nc7 Qxa4 26. Nxe8 Nxe8 27.
Qxc4+ Kf8 28. Re1 Nf6 29. Qe6 Nd5 30. Bd6 Bg8 31. Bxe7+ Ke8 32. Qxg8+ Kd7 33.
Qxg7 Qxa3 34. Bc5+ Kd8 35. Qxh6 Qc3 36. Qd6+ Kc8 37. Re8# {Normal} 1-0

[Event "Rated Blitz game"]
[Site "?"]
[Date "2021.01.07"]
[Round "?"]
[White "BATRAZ_GABOEV"]
[Black "emiliofelixramirez"]
[Result "1-0"]
[WhiteElo "2297"]
[BlackElo "2407"]
[PlyCount "75"]
[EventDate "2021.??.??"]
[EventType "blitz"]

1. e4 e5 2. Nf3 d5 3. d4 dxe4 4. Nxe5 Nf6 5. Be2 Bd6 6. Nc4 O-O 7. Bg5 Nc6 8.
c3 h6 9. Bh4 Bf5 10. Nbd2 Re8 11. Ne3 Bh7 12. Ng4 Be7 13. Ne3 Qd7 14. Bg3 a6
15. O-O Bd6 16. b4 Bxg3 17. hxg3 Bg6 18. Nb3 b6 19. b5 axb5 20. Bxb5 Qd6 21. d5
Ne5 22. Bxe8 Rxe8 23. a4 Nd3 24. a5 Nxd5 25. a6 Ra8 26. Nxd5 Qxd5 27. Nc1 b5
28. Nxd3 exd3 29. Qf3 Qxf3 30. gxf3 f6 31. Rfb1 Be8 32. c4 bxc4 33. a7 Kf7 34.
Rb8 Rxa7 35. Rxa7 d2 36. Rxc7+ Kg6 37. Rd8 Bb5 38. Rxd2 {Normal} 1-0

[Event "Rated Blitz tournament CZrq4KUn"]
[Site "?"]
[Date "2021.01.07"]
[Round "?"]
[White "Kiezking"]
[Black "Stoichess"]
[Result "1-0"]
[WhiteElo "2445"]
[BlackElo "2554"]
[PlyCount "135"]
[EventDate "2021.??.??"]
[EventType "blitz"]

1. e4 e5 2. Nf3 d5 3. exd5 Bd6 4. d3 f5 5. Nc3 Nf6 6. g3 O-O 7. Bg2 h6 8. O-O
a6 9. Re1 Nbd7 10. Nh4 f4 11. Ne4 Nxe4 12. Bxe4 Nf6 13. f3 Nxe4 14. dxe4 Qg5
15. Ng2 Bh3 16. Qe2 Rf6 17. Bd2 Raf8 18. Rf1 Rg6 19. Kh1 Qe7 20. Nh4 Rg5 21.
Rg1 fxg3 22. Rxg3 Rxg3 23. hxg3 Qf6 24. Kh2 Bd7 25. Rf1 g5 26. Ng2 h5 27. Qe3
Bb5 28. Rf2 Qg7 29. Qxg5 Bc5 30. Qxg7+ Kxg7 31. Be3 Be7 32. f4 Bd6 33. f5 Be7
34. b3 Bd7 35. Nh4 b6 36. c4 Bf6 37. Nf3 Rg8 38. Bg5 Kf7 39. Bxf6 Kxf6 40. Nh4
Rg4 41. Re2 a5 42. Kh3 b5 43. c5 b4 44. c6 Bc8 45. Nf3 Ba6 46. Re3 Bf1+ 47. Kh2
Rg8 48. Nd2 Bb5 49. Nc4 a4 50. Nb2 Ra8 51. Nxa4 Bxa4 52. bxa4 Rxa4 53. Re2 Ra3
54. Rc2 Ke7 55. Kh3 Kd6 56. f6 Rf3 57. Rc4 Rxf6 58. Rxb4 Rf2 59. Ra4 Re2 60.
Kh4 Rh2+ 61. Kg5 Rh3 62. g4 h4 63. Ra8 Rh2 64. Rh8 h3 65. Kg6 Rxa2 66. Rxh3 Rg2
67. g5 Rg4 68. Re3 {Normal} 1-0

[Event "Rated Rapid tournament SmBOJeiE"]
[Site "?"]
[Date "2021.01.07"]
[Round "?"]
[White "merkep77"]
[Black "Khabichess"]
[Result "0-1"]
[WhiteElo "2414"]
[BlackElo "2254"]
[PlyCount "78"]
[EventDate "2021.??.??"]
[EventType "rapid"]

1. e4 e5 2. Nf3 d5 3. exd5 Bd6 4. Nc3 Nf6 5. Bb5+ Bd7 6. Bxd7+ Nbxd7 7. d3 Nb6
8. Bg5 h6 9. Bxf6 Qxf6 10. O-O O-O-O 11. Ne4 Qg6 12. c4 f5 13. Nxd6+ cxd6 14.
a4 Nd7 15. b4 e4 16. Nd4 Ne5 17. c5 Nxd3 18. c6 Nf4 19. g3 Nd3 20. b5 Qf6 21.
cxb7+ Kxb7 22. Nc6 f4 23. Ra3 Nc5 24. Qd4 Qxd4 25. Nxd4 g5 26. a5 Rde8 27. Re1
Re5 28. Nb3 Nd3 29. Re2 f3 30. Re3 Nb4 31. Nd2 Rhe8 32. a6+ Kb8 33. Ra4 Rxd5
34. Rxb4 Rxd2 35. Re1 e3 36. Rf1 e2 37. Re1 Rd1 38. Rb1 Rxb1 39. Rxb1 e1=Q+ {
Normal} 0-1

[Event "Rated Blitz tournament CZrq4KUn"]
[Site "?"]
[Date "2021.01.07"]
[Round "?"]
[White "Irina_Ionescu"]
[Black "Stoichess"]
[Result "0-1"]
[WhiteElo "2224"]
[BlackElo "2547"]
[PlyCount "70"]
[EventDate "2021.??.??"]
[EventType "blitz"]

1. e4 e5 2. Nf3 d5 3. Nxe5 Bd6 4. d4 dxe4 5. Nc4 Nf6 6. Nxd6+ Qxd6 7. Nc3 O-O
8. Be2 Nc6 9. Be3 Rd8 10. O-O Nxd4 11. Bxd4 Qxd4 12. Qxd4 Rxd4 13. Nb5 Rd7 14.
Rad1 c6 15. Nd6 Re7 16. Bc4 Bg4 17. Rd2 Kf8 18. h3 Bh5 19. g4 Bg6 20. Rfd1 h6
21. a4 a5 22. Kg2 Rd8 23. Bb3 Red7 24. c3 Ke7 25. Nc4 Rxd2 26. Rxd2 Rxd2 27.
Nxd2 b6 28. Nc4 Nd5 29. Ne5 Kd6 30. Nxg6 fxg6 31. Kg3 g5 32. Bc2 Ke5 33. Bb1
Nf4 34. b4 c5 35. bxa5 bxa5 {Normal} 0-1

[Event "Rated Blitz game"]
[Site "?"]
[Date "2021.01.07"]
[Round "?"]
[White "fankasp"]
[Black "Jomajo"]
[Result "0-1"]
[WhiteElo "2416"]
[BlackElo "2613"]
[PlyCount "46"]
[EventDate "2021.??.??"]
[EventType "blitz"]

1. e4 e5 2. Nf3 d5 3. exd5 e4 4. Nd4 Qxd5 5. Nb3 Bb4 6. a3 Bd6 7. Nc3 Qe5 8.
Qe2 Bf5 9. Qb5+ Qxb5 10. Nxb5 Nc6 11. Nxd6+ cxd6 12. Be2 Nf6 13. O-O O-O 14.
Rd1 Rfe8 15. Kf1 Ne5 16. Nd4 Bg6 17. Nb5 Red8 18. b3 a6 19. Nc3 d5 20. Na4 d4
21. Nb6 Rab8 22. Nc4 Nc6 23. a4 d3 {Normal} 0-1

[Event "Rated Blitz game"]
[Site "?"]
[Date "2021.01.07"]
[Round "?"]
[White "vovasev"]
[Black "KamranShirazi"]
[Result "0-1"]
[WhiteElo "2363"]
[BlackElo "2450"]
[PlyCount "52"]
[EventDate "2021.??.??"]
[EventType "blitz"]

1. e4 e5 2. Nf3 d5 3. Nc3 dxe4 4. Nxe4 f5 5. Ng3 e4 6. Ne5 Qd4 7. Qh5+ g6 8.
Nxg6 hxg6 9. Qxg6+ Kd8 10. Nxf5 Bxf5 11. Qxf5 Ne7 12. Qb5 Nbc6 13. d3 Qb4+ 14.
Qxb4 Nxb4 15. Kd1 exd3 16. cxd3 Nf5 17. a3 Nc6 18. g3 Bc5 19. Bg2 Bxf2 20. Bg5+
Kd7 21. Rf1 Ne3+ 22. Bxe3 Bxe3 23. Rf7+ Kd6 24. h4 Raf8 25. Rxf8 Rxf8 26. Ke2
Bb6 {Normal} 0-1

[Event "Rated Blitz game"]
[Site "?"]
[Date "2021.01.07"]
[Round "?"]
[White "Mickey_Blue_Eyes"]
[Black "AlaEldin"]
[Result "1-0"]
[WhiteElo "2424"]
[BlackElo "2255"]
[PlyCount "107"]
[EventDate "2021.??.??"]
[EventType "blitz"]

1. e4 e5 2. Nf3 d5 3. exd5 e4 4. Qe2 Nf6 5. d3 Qxd5 6. Nc3 Bb4 7. Bd2 Bxc3 8.
Bxc3 O-O 9. Ne5 Be6 10. Rd1 Rd8 11. b3 Nc6 12. Nxc6 Qxc6 13. Bxf6 gxf6 14. d4
Qd7 15. c4 Bg4 16. f3 exf3 17. Qf2 Re8+ 18. Kd2 Qd6 19. Bd3 fxg2 20. Qxg2 Qf4+
21. Kc3 Kh8 22. Rdf1 Qg5 23. Rhg1 Re3 24. h3 Be2 25. Qxg5 fxg5 26. Rxf7 Rxd3+
27. Kb2 Rxh3 28. Rxg5 Rg8 29. Rxg8+ Kxg8 30. Rxc7 h5 31. d5 Rd3 32. Rxb7 h4 33.
Re7 Bf3 34. Re6 Kg7 35. Re7+ Kg6 36. Re6+ Kg5 37. Re5+ Kg4 38. Re8 Kg3 39. Kc2
Rd1 40. Rg8+ Kf2 41. Rf8 Re1 42. d6 Re6 43. c5 h3 44. Rh8 Kg2 45. b4 h2 46. a4
Bc6 47. b5 Bxb5 48. axb5 Re5 49. c6 Rxb5 50. d7 Rc5+ 51. Kb3 Rxc6 52. d8=Q Rb6+
53. Kc4 h1=Q 54. Qd5+ {Time forfeit} 1-0

[Event "Rated Blitz game"]
[Site "?"]
[Date "2021.01.07"]
[Round "?"]
[White "emiliofelixramirez"]
[Black "Tayota"]
[Result "1-0"]
[WhiteElo "2405"]
[BlackElo "2329"]
[PlyCount "67"]
[EventDate "2021.??.??"]
[EventType "blitz"]

1. e4 e5 2. Nf3 d5 3. exd5 e4 4. Qe2 f5 5. d3 Nf6 6. Nc3 Bb4 7. dxe4 Bxc3+ 8.
bxc3 fxe4 9. Ng5 O-O 10. Qc4 Nxd5 11. Nxe4 c6 12. Bd3 Nd7 13. O-O Ne5 14. Qb3
Qh4 15. f4 Ng4 16. h3 Nh6 17. c4 Nb6 18. Qc3 Nf5 19. Qe1 Qh6 20. Qf2 Be6 21. c5
Nd5 22. a3 Rae8 23. Bd2 Nh4 24. Kh2 Bf5 25. Nd6 Bxd3 26. cxd3 Re6 27. f5 Qh5
28. g4 Nxf5 29. gxh5 Ref6 30. Bg5 Re6 31. Nxf5 h6 32. Nxh6+ Rxh6 33. Qxf8+ Kh7
34. Bxh6 {Normal} 1-0

[Event "Rated Blitz game"]
[Site "?"]
[Date "2021.01.07"]
[Round "?"]
[White "MarselEfroimski"]
[Black "Arrubarena"]
[Result "1-0"]
[WhiteElo "2457"]
[BlackElo "2476"]
[PlyCount "69"]
[EventDate "2021.??.??"]
[EventType "blitz"]

1. e4 e5 2. Nf3 d5 3. Nc3 dxe4 4. Nxe5 Bd6 5. d4 Bxe5 6. dxe5 Qxd1+ 7. Kxd1 Nc6
8. Bf4 Nge7 9. Bb5 Bf5 10. Ke2 O-O-O 11. Bxc6 Nxc6 12. Ke3 Nd4 13. Rac1 Rhe8
14. Rhd1 c5 15. h3 f6 16. exf6 gxf6 17. g4 Bg6 18. Rd2 f5 19. Ne2 Nf3 20. Rxd8+
Rxd8 21. Ng3 fxg4 22. hxg4 Nd4 23. c3 Ne6 24. Nxe4 Nxf4 25. Kxf4 Bxe4 26. Kxe4
Rd2 27. f4 Kd7 28. Rh1 Rxb2 29. Rxh7+ Kc6 30. f5 Rxa2 31. f6 Rf2 32. g5 a5 33.
f7 Kd6 34. g6 Ke7 35. Rh8 {Normal} 1-0

[Event "Rated Blitz game"]
[Site "?"]
[Date "2021.01.07"]
[Round "?"]
[White "Zarni24"]
[Black "KamranShirazi"]
[Result "1-0"]
[WhiteElo "2303"]
[BlackElo "2459"]
[PlyCount "27"]
[EventDate "2021.??.??"]
[EventType "blitz"]

1. e4 e5 2. Nf3 d5 3. Nxe5 Bd6 4. d4 dxe4 5. Nc4 Nc6 6. Nxd6+ Qxd6 7. Be3 Qb4+
8. Nd2 Qxb2 9. Rb1 Qxa2 10. Bc4 Qa5 11. Rb5 Qa4 12. Qh5 g6 13. Re5+ Kf8 14.
Qh6+ {Normal} 1-0

[Event "Rated Blitz game"]
[Site "?"]
[Date "2021.01.07"]
[Round "?"]
[White "emiliofelixramirez"]
[Black "Tayota"]
[Result "0-1"]
[WhiteElo "2407"]
[BlackElo "2326"]
[PlyCount "70"]
[EventDate "2021.??.??"]
[EventType "blitz"]

1. e4 e5 2. Nf3 d5 3. exd5 e4 4. Qe2 f5 5. d3 Nf6 6. Nc3 Bb4 7. dxe4 Bxc3+ 8.
bxc3 fxe4 9. c4 O-O 10. Nd4 c5 11. Nb3 Re8 12. Be3 b6 13. h3 Nbd7 14. Qd2 Ne5
15. Be2 Bf5 16. Qc3 a5 17. a4 Bg6 18. Nd2 Qd7 19. Qb3 Rab8 20. Nb1 Bh5 21. g4
Bg6 22. Nc3 Nf3+ 23. Bxf3 exf3 24. O-O-O Qd6 25. Nb5 Qe5 26. Qc3 Qe7 27. Bf4
Ne4 28. Qe3 Qf6 29. c3 Ng3 30. Qd2 Ne2+ 31. Kb2 Nxf4 32. Kb3 Re2 33. Qc1 Nd3
34. Rxd3 Bxd3 35. Rd1 Bc2+ {Normal} 0-1

[Event "Rated Blitz game"]
[Site "?"]
[Date "2021.01.07"]
[Round "?"]
[White "RanchoWangdu"]
[Black "drdumbo"]
[Result "1-0"]
[WhiteElo "2432"]
[BlackElo "2488"]
[PlyCount "71"]
[EventDate "2021.??.??"]
[EventType "blitz"]

1. e4 e5 2. Nf3 d5 3. exd5 Bd6 4. d4 e4 5. Bb5+ c6 6. dxc6 bxc6 7. Bg5 Qa5+ 8.
Nc3 cxb5 9. O-O Bb7 10. Re1 f5 11. Ne5 Bxe5 12. dxe5 Nc6 13. e6 Bc8 14. Qd6
Nge7 15. Nd5 Nxd5 16. Qxc6+ Kf8 17. Qxa8 Nb6 18. e7+ Kf7 19. Qd5+ Be6 20. Qb7
Re8 21. Red1 h6 22. Rd8 hxg5 23. Qb8 Rxe7 24. Rf8+ Kg6 25. Qd6 Nd5 26. h4 gxh4
27. Rd1 Kh7 28. Rxd5 Bxd5 29. Qxe7 Qe1+ 30. Kh2 Qxf2 31. Qg5 Qe2 32. Qxh4+ Kg6
33. Qg3+ Kh7 34. Qh3+ Kg6 35. Qxf5+ Kh6 36. Rh8# {Normal} 1-0

[Event "Rated Blitz game"]
[Site "?"]
[Date "2021.01.07"]
[Round "?"]
[White "Starazagora"]
[Black "CzechProphylaxis"]
[Result "1-0"]
[WhiteElo "2428"]
[BlackElo "2375"]
[PlyCount "119"]
[EventDate "2021.??.??"]
[EventType "blitz"]

1. e4 e5 2. Nf3 d5 3. d3 dxe4 4. dxe4 Qxd1+ 5. Kxd1 Nf6 6. Bd3 Ng4 7. Ke2 Bc5
8. Rf1 Nc6 9. h3 Nf6 10. Bg5 Nd7 11. c3 f6 12. Be3 Bxe3 13. Kxe3 Nc5 14. b4
Nxd3 15. Kxd3 Be6 16. Ke3 O-O-O 17. Nbd2 Rd7 18. Rfd1 Rhd8 19. Ke2 Ne7 20. Nb3
Bc4+ 21. Ke1 b6 22. Rxd7 Rxd7 23. Nfd2 Be6 24. h4 Ng6 25. g3 Rd3 26. Rc1 Bg4
27. Rc2 h5 28. Nc1 Rd7 29. f3 Be6 30. Ndb3 Ne7 31. Rd2 Nc6 32. Rxd7 Kxd7 33.
Nd2 a5 34. a3 axb4 35. axb4 Na7 36. Ke2 Nb5 37. Kd3 g5 38. Ne2 gxh4 39. gxh4
Bf7 40. c4 Nd6 41. Nc3 f5 42. Nd5 fxe4+ 43. fxe4 Bg6 44. Ke3 b5 45. cxb5 Nxb5
46. Nc4 Ke6 47. Nd2 c6 48. Nb6 Nd4 49. Nbc4 Nc2+ 50. Kf3 Nd4+ 51. Ke3 Nc2+ 52.
Kf3 Nxb4 53. Ne3 Nc2 54. Nxc2 c5 55. Ke3 Be8 56. Kd3 Bc6 57. Nc4 Bb5 58. N2e3
Kf6 59. Nf5 Ke6 60. Nfd6 {Normal} 1-0

[Event "Rated Blitz game"]
[Site "?"]
[Date "2021.01.07"]
[Round "?"]
[White "Todilla"]
[Black "drdumbo"]
[Result "0-1"]
[WhiteElo "2400"]
[BlackElo "2484"]
[PlyCount "56"]
[EventDate "2021.??.??"]
[EventType "blitz"]

1. e4 e5 2. Nf3 d5 3. Nxe5 Bd6 4. d4 dxe4 5. Nc4 Nf6 6. Nc3 Nc6 7. d5 Ne5 8.
Nxd6+ Qxd6 9. Bg5 O-O 10. Qd4 h6 11. Bh4 Re8 12. Bg3 c5 13. Qd2 a6 14. O-O-O b5
15. Re1 Bf5 16. Kb1 Rad8 17. a4 b4 18. Nd1 Nxd5 19. Qc1 b3 20. cxb3 e3+ 21. Ka1
Nb4 22. Nxe3 Bd3 23. Rd1 Qe6 24. Nc4 Nxc4 25. Bxd3 Na5 26. Bc4 Qe4 27. Qc3 Nc2+
28. Ka2 Nc6 {Time forfeit} 0-1

[Event "Rated Blitz game"]
[Site "?"]
[Date "2021.01.07"]
[Round "?"]
[White "AidaBaran"]
[Black "hseyn2306"]
[Result "0-1"]
[WhiteElo "2415"]
[BlackElo "2252"]
[PlyCount "66"]
[EventDate "2021.??.??"]
[EventType "blitz"]

1. e4 e5 2. Nf3 d5 3. exd5 e4 4. Ne5 Qxd5 5. d4 exd3 6. Nxd3 Nf6 7. Nc3 Qd8 8.
Bg5 Be7 9. Qf3 O-O 10. O-O-O Nbd7 11. h4 c6 12. h5 Qa5 13. Bd2 Ne5 14. Qg3
Nxd3+ 15. Bxd3 Bg4 16. f3 Bxh5 17. Bh6 Bg6 18. Bxg7 Kxg7 19. f4 Kh8 20. Bxg6
fxg6 21. Qxg6 Rg8 22. Qf7 Rg7 23. Qe6 Rag8 24. Rh6 Ng4 25. Rh3 Bf6 26. Rdh1
Bxc3 27. Rxc3 Qc7 28. Rch3 Qxf4+ 29. Kb1 Qf6 30. Rxh7+ Rxh7 31. Rxh7+ Kxh7 32.
Qd7+ Rg7 33. Qxg4 Rxg4 {Time forfeit} 0-1

[Event "Rated Blitz game"]
[Site "?"]
[Date "2021.01.07"]
[Round "?"]
[White "morischwilli"]
[Black "Smetanov_N"]
[Result "1-0"]
[WhiteElo "2532"]
[BlackElo "2384"]
[PlyCount "83"]
[EventDate "2021.??.??"]
[EventType "blitz"]

1. e4 e5 2. Nf3 d5 3. Nxe5 Bd6 4. d4 dxe4 5. Nc3 Bxe5 6. dxe5 Qxd1+ 7. Nxd1 Nc6
8. Nc3 Nxe5 9. Nxe4 Bf5 10. Bf4 Ng6 11. Ng3 Nxf4 12. Nxf5 g6 13. Ne3 O-O-O 14.
g3 Nd5 15. O-O-O Nxe3 16. Rxd8+ Kxd8 17. fxe3 Ne7 18. Bc4 f5 19. Rd1+ Ke8 20.
Be6 Rf8 21. Bd7+ Kf7 22. Bb5 c6 23. Bc4+ Ke8 24. Rd6 Nc8 25. Rd2 Ke7 26. h4 Nd6
27. Bd3 Re8 28. Kd1 Ke6 29. Ke2 Ke5 30. Kf3 Rd8 31. Rg2 h5 32. a4 c5 33. b3 b6
34. Rg1 Rd7 35. Rf1 Rc7 36. c4 a5 37. Ke2 Re7 38. Bc2 Rd7 39. Rd1 Ke6 40. Rd5
Nf7 41. Rxd7 Kxd7 42. e4 {Time forfeit} 1-0